<?xml version="1.0" encoding="UTF-8"?>
<record
    xmlns:xsi="http://www.w3.org/2001/XMLSchema-instance"
    xsi:schemaLocation="http://www.loc.gov/MARC21/slim http://www.loc.gov/standards/marcxml/schema/MARC21slim.xsd"
    xmlns="http://www.loc.gov/MARC21/slim">

  <leader>01307naa a2200253   4500</leader>
  <controlfield tag="005">20191224042336.0</controlfield>
  <controlfield tag="008">170922s2006    ck |||||r|||| 10| 0 spa d</controlfield>
  <datafield tag="040" ind1=" " ind2=" ">
    <subfield code="a">CO-BoIAVH</subfield>
    <subfield code="c">CO-BoIAVH</subfield>
  </datafield>
  <datafield tag="041" ind1="0" ind2=" ">
    <subfield code="a">spa</subfield>
  </datafield>
  <datafield tag="044" ind1=" " ind2=" ">
    <subfield code="a">ck</subfield>
  </datafield>
  <datafield tag="100" ind1="1" ind2=" ">
    <subfield code="a">Barrios Leal, Dora Yovana</subfield>
    <subfield code="e">autora</subfield>
    <subfield code="9">5083</subfield>
  </datafield>
  <datafield tag="245" ind1="1" ind2="0">
    <subfield code="a">Evaluaci&#xF3;n gen&#xE9;tica de los bosques de roble (Quercus humboldti Bonpl.)  en los municipios de Filandia y Salento, Quind&#xED;o, utilizando la t&#xE9;cnica de microsatelites / </subfield>
  </datafield>
  <datafield tag="260" ind1=" " ind2=" ">
    <subfield code="a">Bogot&#xE1; (Colombia) : </subfield>
    <subfield code="b">Fundaci&#xF3;n Natura : </subfield>
    <subfield code="b">Pontificia Universidad Javeriana,</subfield>
    <subfield code="c">2006.</subfield>
  </datafield>
  <datafield tag="300" ind1=" " ind2=" ">
    <subfield code="a">p</subfield>
  </datafield>
  <datafield tag="520" ind1=" " ind2=" ">
    <subfield code="a">Los bosques del norte de los Andes guardan gran biodiversidad y endemismo; sinembargo, una de las grandes amenazas para la biodiversidad en la zona andina es la p&#xE9;rdida de habitat.</subfield>
  </datafield>
  <datafield tag="650" ind1="2" ind2="4">
    <subfield code="a">Bosques de roble</subfield>
    <subfield code="9">19745</subfield>
  </datafield>
  <datafield tag="650" ind1="2" ind2="4">
    <subfield code="a">Quercus Humboldtii Bonpl</subfield>
    <subfield code="9">65134</subfield>
  </datafield>
  <datafield tag="651" ind1=" " ind2=" ">
    <subfield code="a">Quind&#xED;o (Colombia)</subfield>
    <subfield code="z">Filandia</subfield>
    <subfield code="z">Salento</subfield>
    <subfield code="9">85356</subfield>
  </datafield>
  <datafield tag="700" ind1="1" ind2=" ">
    <subfield code="a">Vargas, William G.</subfield>
    <subfield code="e">autor</subfield>
    <subfield code="9">4907</subfield>
  </datafield>
  <datafield tag="700" ind1="1" ind2=" ">
    <subfield code="a">Lozano, Fabio H.</subfield>
    <subfield code="e">autor</subfield>
    <subfield code="9">2482</subfield>
  </datafield>
  <datafield tag="700" ind1="1" ind2=" ">
    <subfield code="a">Palacio Mejia, Juan Diego</subfield>
    <subfield code="e">autor</subfield>
    <subfield code="9">4961</subfield>
  </datafield>
  <datafield tag="773" ind1="0" ind2=" ">
    <subfield code="a">Memorias : I Simposio Internacional de Roble y Ecosistemas Asociados</subfield>
    <subfield code="d">Bogot&#xE1; : Fundaci&#xF3;n Natura : Pontificia Universidad Javeriana, 2006.</subfield>
    <subfield code="o">026974</subfield>
    <subfield code="z">9789589804018</subfield>
    <subfield code="g">p&#xE1;ginas 29-48</subfield>
    <subfield code="0">6819</subfield>
    <subfield code="9">10771</subfield>
  </datafield>
  <datafield tag="942" ind1=" " ind2=" ">
    <subfield code="2">z</subfield>
    <subfield code="c">ARTICULO</subfield>
  </datafield>
  <datafield tag="999" ind1=" " ind2=" ">
    <subfield code="c">19850</subfield>
    <subfield code="d">19850</subfield>
  </datafield>
</record>
